| 000 | 00590nam a2200205Ia 4500 | ||
|---|---|---|---|
| 003 | GCL | ||
| 008 | 140319s9999 xx 000 0 ara d | ||
| 040 |
_aGCL / _cGCL |
||
| 082 | 0 | 4 |
_a229.7 _bع ق |
| 100 | 1 | _aعبدالحليم الجندى | |
| 245 | 1 | 0 |
_aالقرأن والمنهج العلمى المعاصر / _cعبدالحليم الجندى |
| 260 |
_a[S.N] : _bدار المعارف ، _c1984 |
||
| 300 | _a353 ص | ||
| 490 | _a | ||
| 650 | 0 | 4 | _aالاسلام |
| 650 | 0 | 4 | _aالعلوم |
| 650 | 0 | 4 | _aالقران والعلم |
| 650 | 0 | 4 | _aالقران |
| 942 |
_2ddc _cBK |
||
| 999 |
_c55249 _d55249 |
||